Fiesta de las Letras : 1942 1942
Descripción Física:
71 p., [7] f. de làm. : il. ; 22 cm
MARC
| LEADER | 00000nam a2200000Ia 4500 | ||
|---|---|---|---|
| 001 | 14138 | ||
| 003 | BGR | ||
| 005 | 20260324175317.0 | ||
| 008 | 160829s1943 xx 000 0 cat d | ||
| 080 | |a L-1-395 | ||
| 245 | |a Fiesta de las Letras : |b 1942 | ||
| 260 | |a Barcelona : |b Asociación de la Prensa de Barcelona, |c 1943 | ||
| 300 | |a 71 p., [7] f. de làm. : |b il. ; |c 22 cm | ||
| 650 | |a Festa de les Lletres |x Barcelona |9 26224 | ||
| 650 | |a Periodisme |x Concursos |9 26225 | ||
| 710 | 2 | |9 70377 |a Asociación de la Prensa de Barcelona | |
| 901 | |a Arxiu | ||
| 942 | |n 1 |2 udc |c MON | ||
| 952 | |0 0 |1 0 |4 0 |6 L1395 |7 1 |9 43925 |a Arxiu |b Arxiu |d 2016-12-01 |l 0 |o L-1-395 |p 14138 |r 2016-12-01 00:00:00 |w 2016-12-01 |y ARXIU | ||
| 999 | |c 46505 |d 46505 | ||